| 000 | 01048nam a22002651u 4500 | ||
|---|---|---|---|
| 001 | 12641 | ||
| 003 | HDC | ||
| 007 | cr bn --- | ||
| 008 | 210209p2001 my eng | ||
| 040 | _aHDC | ||
| 100 |
_aJohari Jiken Abdullah, _eauthor _912766 |
||
| 245 | 0 |
_aGenetic variation and relationship between Kedah-Kelantan, Thai, Brahman and Charolais cattle / _cby Johari Jiken Abdullah, Adura Mohd. Adnan , Zulkeflie Zamrod, Mohd. Ariff Omar and Rahmah Mohmmed |
|
| 260 |
_aSerdang : _bMalaysian Agricultural Research and Development Institute (MARDI), _c2001 |
||
| 300 | _a1 page | ||
| 336 |
_atext _2rdacontent |
||
| 337 |
_acomputer _2rdamedia |
||
| 338 |
_aonline resource _2rdacarrier |
||
| 650 |
_aBeef cattle _911539 |
||
| 650 |
_aGenetic relationship _913407 |
||
| 650 |
_aRAPD analysis _913406 |
||
| 856 | _zRequest full-text at [email protected] | ||
| 942 | _2lcc | ||
| 942 | _cAR | ||
| 942 | _kJART 003186 | ||
| 999 |
_c9964 _d9964 |
||